| 000 | 00396 a2200145 4500 | ||
|---|---|---|---|
| 999 |
_c9367 _d9367 |
||
| 020 | _a9781846617881 | ||
| 050 | _aKF3735STA 2013 | ||
| 100 | _aStather, Julie | ||
| 245 |
_aSecure accommodation Handbook / _cJulie Stather |
||
| 264 |
_aBristol _bFamily law _c2013 |
||
| 300 | _a321p. | ||
| 500 | _aIncludes index | ||
| 650 | _aChildren rights--Secure accommodation | ||
| 942 |
_2lcc _cBK _h3735 _iSTA _kKF |
||